Statistiche per Comuni più popolosi dell'UE

Clicka qui per fare il quiz!

Statistiche generali

  • Questo quiz è stato fatto 1.340 volte
    (134 dall'ultimo reset)
  • Il punteggio medio è 23 su 30

Statistiche sulle risposte

CittàPopolazione% Corretto
Madrid3 223 334
99%
Roma2 872 800
99%
Milano1 366 180
98%
Parigi2 206 488
98%
Barcellona1 620 343
97%
Berlino4 001 242
97%
Napoli955 503
95%
Budapest1 749 734
88%
Atene664 046
87%
Varsavia1 764 615
87%
Bucarest2 400 444
86%
Torino882 523
86%
Vienna1 888 776
86%
Marsiglia861 635
85%
Monaco di Baviera1 456 039
85%
Stoccolma949 761
83%
Bruxelles1 201 129
81%
Palermo668 405
79%
Amsterdam854 047
77%
Praga1 294 513
73%
Siviglia688 711
72%
Valencia794 413
70%
Zagabria790 017
70%
Amburgo1 830 584
68%
Francoforte sul Meno746 878
68%
Sofia1 325 429
65%
Colonia1 080 394
58%
Cracovia767 348
51%
Saragozza666 880
17%
Lodz690 422
11%

Distribuzione punteggi

Percentile per numero di risposta

Percentuale di utenti per punteggio

I tuoi punteggi nel tempo

Non hai fatto questo quiz dall'ultimo reset